000 01000nam a2200265Ia 4500
003 OSt
005 20221005104616.0
006 a|||||r|||| 00| 0
007 ta
008 221004b |||||||| |||| 00| 0 hin d
020 _a8183610110 (hbk)
_cINR 250.00
024 _a29744
037 _b276, 03/03/2017, Eastern Book Linkers
_cTextual
040 _aCRL
_cCRL
_bhin
041 _2hin
_ahin
082 _aO152,1M96, P5
100 _aवर्मा, अर्चना, ले.
245 0 _aनिराला के सृजन-सीमान्तः विहग और मीन
246 _aNirālā ke sṛujana-sīmāntah vihag aur mīna
260 _aदिल्ली
_bराधाकृष्ण भारत
_c2005
300 _a250पृ0
_ccm.
650 _aहिन्दी कविता
942 _hO152,1M96, P5
_cTEXL
_2cc
999 _c1013232
_d1013232